Southville International School and Colleges
Your cart is empty.
  • Cart
  • Lists
    Public lists Eva Luna New books Lux_list list_1
    Your lists Log in to create your own lists
  • Log in to your account
  • Your cookies
  • Search history
Southville International School and Colleges
  • Advanced search
  • Recent comments
  • Most popular
  • Libraries

Log in to your account

Log in with GOOGLE


If you do not have an external account, but do have a local account, you can still log in:

  1. Home
  2. MARC view: Development, trade, and the WTO :
Normal view MARC view ISBD view

Development, trade, and the WTO : (Record no. 363347)

[ view plain ]
MARC details
000 -LEADER
fixed length control field 00721nam a2200229Ia 4500
008 - FIXED-LENGTH DATA ELEMENTS--GENERAL INFORMATION
fixed length control field 200601s9999 xx 000 0 und d
020 ## - INTERNATIONAL STANDARD BOOK NUMBER
International Standard Book Number 0-8213-4997
050 ## - LIBRARY OF CONGRESS CALL NUMBER
Classification number REF HF 1385
050 ## - LIBRARY OF CONGRESS CALL NUMBER
Item number .D48 2002
245 #0 - TITLE STATEMENT
Title Development, trade, and the WTO :
245 #2 - TITLE STATEMENT
Remainder of title a handbook /
245 #0 - TITLE STATEMENT
Statement of responsibility, etc Bernard Hockman, Aaditya Matoo, and Philip English, editors.
260 ## - PUBLICATION, DISTRIBUTION, ETC. (IMPRINT)
Place of publication, distribution, etc New York :
260 ## - PUBLICATION, DISTRIBUTION, ETC. (IMPRINT)
Name of publisher, distributor, etc The World Bank.
260 ## - PUBLICATION, DISTRIBUTION, ETC. (IMPRINT)
Date of publication, distribution, etc 2002
300 ## - PHYSICAL DESCRIPTION
Extent 641 pages :
300 ## - PHYSICAL DESCRIPTION
Other physical details illustrations ;
300 ## - PHYSICAL DESCRIPTION
Dimensions 28 cm.
650 ## - SUBJECT ADDED ENTRY--TOPICAL TERM
Topical term or geographic name as entry element International trade -- Handbooks, manuals, etc.
650 ## - SUBJECT ADDED ENTRY--TOPICAL TERM
Topical term or geographic name as entry element World Trade Organization -- Handbooks, manuals, etc.
650 ## - SUBJECT ADDED ENTRY--TOPICAL TERM
General subdivision International economic relations -- Handbooks, manuals, etc.
Holdings
Withdrawn status Lost status Damaged status Home library Current library Shelving location Date acquired Cost, normal purchase price Total Checkouts Full call number Barcode Date last seen Price effective from Koha item type
      South Mansfield College South Mansfield College Reference Section 03/07/2005 853.00   REF HF 1385 .D48 2002 SMC00498 06/01/2020 06/01/2020 Books

Development, trade, and the WTO :

APA

Development, trade, and the WTO. New York: .

Chicago

Development, trade, and the WTO. New York: .

Harvard

Development, trade, and the WTO. New York: .

MLA

New York: . .

  • Place hold
  • Print
  • Cite
  • Add to your cart (remove)
  • Save record
    BIBTEX Dublin Core MARCXML MARC (non-Unicode/MARC-8) MARC (Unicode/UTF-8) MARC (Unicode/UTF-8, Standard) MODS (XML) RIS
  • More searches
    Search for this title in:
    Other Libraries (WorldCat) Other Databases (Google Scholar) Online Stores (Bookfinder.com) Open Library (openlibrary.org)

Exporting to Dublin Core...

SOUTHVILLE LIBRARY

Southville International School and Colleges Library

1281 Tropical Ave. Cor. Luxembourg St., BF Homes International, Las Pinas City

Tel. No. 8256374 / 252358 Loc. 117/146

Powered by Koha